00580nam a2200193Ia 450000500170000000800410001702000150005808200130007310000150008624500740010126000450017530000170022065000110023765000090024865000130025794200060027095200950027699900150037120240829044510.0240331s9999 xx 000 0 und d a0195650964 bDONa800 aDoniger, W 0aSplitting the difference :bGender and myth anciient Greece and India aNew DelhibOxford University pressc2000 axi, 376 p ., aGender aMyth aPolitics cL 001040708LaWERCLbWERCLcSSCd2024-03-31l0o 800 DONp4229r2024-03-31w2024-03-31yL c3098d3098